La colosa : (Registro nro. 19218)
[ vista simple ]
| 000 -CABECERA | |
|---|---|
| Campo de control | 00816nmm a2200205 a 4500 |
| 005 - FECHA Y HORA DE LA ULTIMA TRANSACCION | |
| Campo de control | 20170208150207.0 |
| 008 - ELEMENTOS DE LONGITUD FIJA—INFORMACION GENERAL | |
| Campo de control | 170119t2014 ck |||||q||z| 00| 0 spa d |
| 020 ## - ISBN | |
| ISBN | 9789588747538 |
| 040 ## - FUENTE DE CATALOGACIÓN | |
| Agencia catalogadora original | CO-BoIAVH |
| Agencia transcriptora | CO-BoIAVH |
| Agencia Modificadora | CO-BoIAVH |
| 041 0# - IDIOMA | |
| Código de idioma para texto/pista de sonido o título separado | Español |
| 090 ## - CLASIFICACIÓN LOCAL | |
| Colección | MM- |
| 245 03 - MENCION DE TITULO | |
| Título | La colosa : |
| Parte restante del título | Una muerte anunciada. Informe alternativo acerca del proyecto de minreía de oro de AngloGold Ashanti en Cajamarca. Tolima, Colombia |
| 257 ## - PAIS DE LA ENTIDAD PRODUCTORA DE FILMES DE ARCHIVO | |
| País de la entidad productora | Colombia |
| 264 ## - Producción, Publicación, Distribución, Fabricación y Aviso de copyright | |
| Lugar de producción, publicación, etc | Ibagué (Colombia) : |
| Nombre del productor, editor, etc. | Universidad del Tolima, |
| Fecha de la producción, publicación, etc. | 2014. |
| 300 ## - DESCRIPCION FISICA | |
| Extensión | 1 CD-ROM (5 archivos pdf) : |
| Otros detalles físicos | ilustraciones a color ; |
| 650 16 - ASIENTO SECUNDARIO DE MATERIA - TERMINO TEMATICO | |
| Término temático o nombre geográfico como elemento de entrada | Minería |
| Subdivisión general | Aspectos ambientales |
| Subdivisión geográfica | Cajamarca (Tolima, Colombia) |
| 650 26 - ASIENTO SECUNDARIO DE MATERIA - TERMINO TEMATICO | |
| Término temático o nombre geográfico como elemento de entrada | Protección ambiental |
| Subdivisión geográfica | Cajamarca (Tolima, Colombia) |
| 710 1# - ASIENTO SECUNDARIO - NOMBRE CORPORATIVO | |
| Nombre corporativo o de jurisdicción como elemento de entrada | Universidad del Tolima |
| 942 ## - ELEMENTOS ADICIONALES (KOHA) | |
| Sistema de clasificación | Local |
| Tipo de ítem | CD-ROM |
| Withdrawn status | Lost status | Sistema de Clasificación | Damaged status | No para préstamo | Colección | Ubicación Permanente | Ubicación actual | Fecha de adquisición | Total Checkouts | Número topográfico | Inventario / Código de Barras | Date last seen | Ejemplar | Price effective from | Forma de adquisición | Tipo de material |
|---|---|---|---|---|---|---|---|---|---|---|---|---|---|---|---|---|
| Local | Recursos electrónicos | Bogotá | Bogotá | 19/01/2017 | MM- | 040918 | 19/01/2017 | Ej. 1 | 19/01/2017 | Donación | CD-ROM |